header

Natural gas markets and lessons learned (Record no. 169850)

MARC details
000 -LEADER
fixed length control field 01400nam a2200349Ia 4500
245 00 - TITLE STATEMENT
Title Natural gas markets and lessons learned
260 ## - PUBLICATION, DISTRIBUTION, ETC. (IMPRINT)
Place of publication New York :
Name of publisher Nova Science Publishers,
Year of publication c2010.
300 ## - PHYSICAL DESCRIPTION
Number of Pages viii, 144 p.
Other physical details ill. (chiefly col.), maps (some col.).
490 0# - SERIES STATEMENT
Series statement Energy politicies, politics and prices
650 #0 - SUBJECT ADDED ENTRY--TOPICAL TERM
Topical Term Gas industry
Topical Term Gas industry
Topical Term Energy consumption
Topical Term Gas industry
700 1# - ADDED ENTRY--PERSONAL NAME
Personal name Cho, E. K.
856 40 - ELECTRONIC LOCATION AND ACCESS
Uniform Resource Identifier http://site.ebrary.com/lib/rucke/Doc?id=10661773

No items available.

© 2026 Rongo University
Contact us: librarian | system librarian | Rongo university